A sabda reader : (Record no. 170524)

MARC details
000 -LEADER
fixed length control field 00624nam a2200181 4500
005 - DATE AND TIME OF LATEST TRANSACTION
control field 20191217125148.0
010 ## - LCCN (DPL NO)
LC control number ENG-127164
020 ## - INTERNATIONAL STANDARD BOOK NUMBER
International Standard Book Number 9788178245454
Terms of availability 1595.00
035 ## - SYSTEM CONTROL NUMBER
System control number EN-110696
037 ## - SOURCE OF ACQUISITION
Source of stock number/acquisition DBAD/PUB
082 ## - DEWEY DECIMAL CLASSIFICATION NUMBER
Classification number 409.34
245 ## - TITLE STATEMENT
Title A sabda reader :
Statement of responsibility, etc ed.by Johannes Bronkhorst
Remainder of title language in classical Indian thought /
260 ## - PUBLICATION, DISTRIBUTION, ETC. (IMPRINT)
Place of publication, distribution, etc Ranikhet
Name of publisher, distributor, etc Permanent Black
Date of publication, distribution, etc 2019
270 ## - ADDRESS
Address Himalayana, Mall Road, Ranikhet Cantt
City Ranikhet
Postal code 263645
Electronic mail address perblack@gmail.com
300 ## - PHYSICAL DESCRIPTION
Extent ix;359p .
Dimensions 24cm(Hb)
500 ## - GENERAL NOTE
General note Includes bibliographical references and index
942 ## - ADDED ENTRY ELEMENTS (KOHA)
Source of classification or shelving scheme Dewey Decimal Classification
Item type English Books
Classification part 409.34
Call number suffix ASA
Holdings
Withdrawn status Lost status Not for loan Collection code Home library Current library Date acquired Source of acquisition Cost, normal purchase price Full call number Barcode Copy number Cost, replacement price Koha item type
      Non-fiction Central Library Central Library 17/12/2019 DBAD/PUB 1595.00 409.34 ASA EN-110696 1 1595.00 English Books

© Delhi Public Library
Hit Counter
free hit counter